| 000 | 00970nam a2200277 i 4500 | ||
|---|---|---|---|
| 003 | DO-SdBNP | ||
| 005 | 20231009145118.0 | ||
| 006 | a||||gr|||| 00| 0 | ||
| 007 | ta | ||
| 008 | 231009e2017 sp ac||| |||| 00| e spa d | ||
| 020 | _a9788430119714 | ||
| 040 |
_aDO-SdBNP _bspa _cBNPHU _erda |
||
| 082 | 4 |
_222 _bL973E |
|
| 245 | 1 | 0 |
_aMartín Lutero: _buna mirada desde la historia , un paseo por sus escritores. / _cTeófanes Egido |
| 264 | 1 |
_aSalamanca, España : _bSígueme, _c2017 |
|
| 300 |
_a269 páginas : _bIlustraciones, retratos ; |
||
| 336 |
_2rdacontent _atexto _btxt |
||
| 337 |
_2rdamedia _asin mediación _bn |
||
| 338 |
_2rdacarrier _avolumen _bnc |
||
| 490 |
_aEl Peso de los Días ; _v102 |
||
| 500 | _aIncluye datos biográficos del autor en la solapa de la cubierta | ||
| 500 | _aIncluye bibliografía y notas al pie de páginas. | ||
| 590 | _aInventariado 2023 / MF | ||
| 600 | 4 |
_aMartín Lutero, _d1483 - 1546, _xBiografía _984417 |
|
| 942 |
_2ddc _cLBS1 |
||
| 999 |
_c55125 _d55125 |
||